| 000 | 01512nam0a22003491 4500 | ||
|---|---|---|---|
| 001 | v19\rc\1590188 | ||
| 005 | 20250618214048.0 | ||
| 035 | _a(NLR Aleph) 004714895 | ||
| 090 |
_a4251659 _c4251659 |
||
| 100 | _a20061002e18941894|||y0rusy50 ca | ||
| 101 | 0 | _arus | |
| 102 | _aRU | ||
| 105 | _ab z ||||| | ||
| 200 | 1 |
_aЛесные оазисы, поросшие лесом пески, лесоразведение и орошение в Зауральских, Киргизских степях Уральской области _fЧ. Штромберг |
|
| 210 |
_aСанкт-Петербург _cтип. С.-Петерб. градоначальства _d1894 |
||
| 215 |
_a42 с., 1 л. карт. _d23 |
||
| 300 | _aДата ценз. разреш. 27 янв. 1894 г. | ||
| 300 | _aЧасть тиража вышла в 2 брош. с ценз. разреш. 26 янв. 1894 г. | ||
| 311 | _aОтт. из "Лесн. журн." 1894, № 1-2 | ||
| 316 |
_aЭкз. РНБ (18.182.5.12(1-2)): отсутствует 1 л. карт. _5NLR: 18.182.5.12(1-2) |
||
| 488 | 0 |
_12001#$aЛесной журнал$v1894, № 1-2 _tЛесной журнал |
|
| 700 | 1 |
_aШтромберг _bЧ.Н. _gЧеслав Николаевич |
|
| 801 | 0 |
_aRU _bNLR _gpsbo |
|
| 801 | 0 |
_aRU _bRuMoRGB _2psbo |
|
| 801 | 1 |
_aRU _bProSoft-M _2rusmarc |
|
| 852 |
_aNLR _j18.332.2.140 |
||
| 852 |
_aNLR _j18.182.5.12(1-2) |
||
| 899 |
_aRuMoRGB _jD 30/392 |
||
| 899 | _aБАН | ||
| 899 | _aНБ МГУ | ||
| 942 | _cBOOK | ||
| 980 | _aNB | ||